Regional integration in the Asia Pacific issues and prospects

Gespeichert in:
Bibliographische Detailangaben
Format: Buch
Sprache:Englisch
Veröffentlicht: Paris OECD 2005
Schlagworte:
Tags: Tag hinzufügen
Keine Tags, Fügen Sie das erste Tag hinzu!

MARC

LEADER 00000nam$a2200000$$$4500
001 0031446
005 20240104134130.6
020 |a 92-64-00916-7 
041 0 |a eng 
044 |a FR 
245 1 0 |a Regional integration in the Asia Pacific  |b issues and prospects 
264 1 |a Paris  |b OECD  |c 2005 
300 |a 291 s. 
610 2 0 |a integrácia regionálna 
610 2 0 |a Ázia 
610 2 0 |a Tichomorie 
610 2 0 |a integrácia ekonomická medzinárodná 
610 2 0 |a spolupráca hospodárska medzinárodná 
610 2 0 |a spolupráca medzinárodná 
610 2 0 |a obchod 
610 2 0 |a doprava 
610 2 0 |a vzdelávanie 
610 2 0 |a zdravotníctvo 
610 2 0 |a kultúra 
610 2 0 |a politika environmentálna